分野別上位5か国 #2 - Statistics

General Stats
  • This quiz has been taken 36 times
  • The average score is 40 of 58
Answer Stats
Country % Correct
サウジアラビア
100%
アメリカ合衆国
100%
日本
100%
スペイン
100%
中華人民共和国
100%
インドネシア
97%
フランス
97%
オーストラリア
97%
イギリス
97%
ボリビア
94%
チリ
91%
イタリア
91%
ドイツ
91%
ブラジル
91%
ニュージーランド
91%
イラン
88%
スウェーデン
88%
南スーダン
84%
ベネズエラ
81%
フィリピン
81%
カナダ
78%
スイス
78%
イラク
75%
コンゴ民主共和国
75%
ペルー
72%
マダガスカル
69%
コロンビア
69%
モナコ
69%
エジプト
66%
リビア
66%
エクアドル
66%
スーダン
66%
モンゴル
66%
ルクセンブルク
63%
ブータン
63%
エチオピア
63%
ベルギー
63%
マリ
59%
オーストリア
59%
東ティモール
56%
オマーン
56%
ニジェール
56%
チャド
56%
バーレーン
56%
モンテネグロ
53%
セルビア
53%
パプアニューギニア
53%
アンドラ
50%
マルタ
47%
モーリタニア
47%
ベトナム
44%
バングラデシュ
41%
アンゴラ
38%
カンボジア
34%
ウガンダ
28%
ジブチ
25%
セントルシア
19%
マーシャル諸島
9%
No matching quizzes found
Score Distribution
Percent of People with Each Score
Percentile by Number Answered
Your Score History
You have not taken this quiz